[Event "Rubinstein Memorial op-D 57th"]
[Site "Polanica Zdroj"]
[Date "2021.08.21"]
[Round "8"]
[White "Bednarczyk, Mateusz"]
[Black "Zakrzewicz, Kacper"]
[Result "1/2-1/2"]
[WhiteElo "1618"]
[BlackElo "1518"]
[PlyCount "55"]
[EventDate "2021.08.14"]
[EventType "swiss"]
[EventRounds "9"]
[EventCountry "POL"]
[SourceTitle "CBM 204 Extra"]
[Source "ChessBase"]
[SourceDate "2021.11.30"]
[SourceVersion "1"]
[SourceVersionDate "2021.11.30"]
[SourceQuality "1"]

1. e4 c6 2. d4 d5 3. Nc3 dxe4 4. Nxe4 Bf5 5. Ng3 Bg6 6. Nh3 e6 7. c3 Bd6 8. Nf4 Qc7 9. Qf3 Nd7 10. Bc4 0-0-0 11. 0-0 Re8 12. Nxg6 fxg6 13. a4 Ngf6 14. b4 e5 15. Bd2 Rhf8 16. Qd1 exd4 17. cxd4 Ne4 18. b5 c5 19. a5 Nxd2 20. Qxd2 cxd4 21. b6 axb6 22. axb6 Nxb6 23. Bb5 Bf4 24. Qxd4 Re5 25. Qb4 Qc5 26. Qxc5+ Rxc5 27. Be2 Re8 28. Bf3 1/2-1/2

[Event "POL Cup op blitz"]
[Site "Lodz"]
[Date "2021.08.08"]
[Round "10"]
[White "Zakrzewicz, Kacper"]
[Black "Kacprzak, Karol1111"]
[Result "1/2-1/2"]
[WhiteElo "1518"]
[BlackElo "2210"]
[PlyCount "66"]
[EventDate "2021.08.08"]
[EventType "swiss (blitz)"]
[EventRounds "13"]
[EventCountry "POL"]
[SourceTitle "CBM 203 Extra"]
[Source "ChessBase"]
[SourceDate "2021.09.30"]
[SourceVersion "1"]
[SourceVersionDate "2021.09.30"]
[SourceQuality "1"]

1. e4 c5 2. Nf3 d6 3. Nc3 Nf6 4. a3 a6 5. d3 Nc6 6. Be2 e6 7. Bg5 Be7 8. h3 0-0 9. 0-0 b5 10. Re1 Bb7 11. Bf1 h6 12. Bh4 Rc8 13. e5 dxe5 14. Nxe5 Nxe5 15. Rxe5 Nd7 16. Bxe7 Qxe7 17. Re3 Nf6 18. Be2 Rfd8 19. Bf3 Bc6 20. Qe2 Qb7 21. Re1 b4 22. axb4 cxb4 23. Bxc6 Qxc6 24. Ne4 Nxe4 25. dxe4 Qxc2 26. Qxa6 Qxb2 27. Rg3 Rc1 28. Rxc1 Qxc1+ 29. Kh2 Qf4 30. Qb6 Rd2 31. f3 h5 32. Qxb4 h4 33. Kg1 Rd1+ 1/2-1/2